Ministerium verbi : kázání o mši svaté, o posledních věcech člověka a o rozličných aspektech víry / Adolf Kajpr ; k vydání připravil Vojtěch Novotný
Record details
- ISBN: 978-80-246-3468-5
- Physical Description: 526 stran ; 21 cm
- Edition: Vydání první
- Publisher: Praha : Univerzita Karlova, nakladatelství Karolinum, 2017
Content descriptions
| Bibliography, etc. Note: | Obsahuje bibliografické odkazy a rejstříky |
| Language Note: | Anglické resumé |
Search for related items by subject
| Genre: | kázání komentovaná vydání studie sermons annotated editions studies |
Available copies
- 1 of 1 copy available at Common Catalog SPOK.
Holds
- 0 current holds with 1 total copy.
Show Only Available Copies
| Location | Call Number / Copy Notes | Barcode | Shelving Location | Status | Due Date |
|---|---|---|---|---|---|
| Jabok Library | PT-8 | 424480041165 | Odborná literatura | Available | - |
| LDR | 03216nam a2200889 i 4500 | ||
|---|---|---|---|
| 001 | 30698 | ||
| 003 | CZ-PrJAB | ||
| 005 | 20181114070651.0 | ||
| 007 | ta | ||
| 008 | 170127s2017 xr e 001 1dcze | ||
| 015 | . | ‡acnb002876454 | |
| 020 | . | ‡a978-80-246-3468-5 ‡q(brožováno) | |
| 035 | . | ‡a(CZ PrNK)nkc20172876454 | |
| 035 | . | ‡a(OCoLC)989907115 | |
| 040 | . | ‡aABA001 ‡bcze ‡dBOA001 ‡dABA001 ‡erda | |
| 041 | 0 | . | ‡acze ‡beng |
| 043 | . | ‡ae-xr--- | |
| 045 | . | ‡ax3x5 | |
| 072 | 7. | ‡a27 ‡xKřesťanství. Křesťanská církev všeobecně. Eklesiologie ‡2Konspekt ‡95 | |
| 080 | . | ‡a27-789.5 ‡2MRF | |
| 080 | . | ‡a27-475-051 ‡2MRF | |
| 080 | . | ‡a27-46 ‡2MRF | |
| 080 | . | ‡a27-662:3 ‡2MRF | |
| 080 | . | ‡a272-549 ‡2MRF | |
| 080 | . | ‡a27-175 ‡2MRF | |
| 080 | . | ‡a27-312 ‡2MRF | |
| 080 | . | ‡a27-317/-318 ‡2MRF | |
| 080 | . | ‡a272-184.3 ‡2MRF | |
| 080 | . | ‡a272-534.3 ‡2MRF | |
| 080 | . | ‡a(437.3) ‡2MRF | |
| 080 | . | ‡a(0:82-5) ‡2MRF | |
| 080 | . | ‡a(0.072) ‡2MRF | |
| 080 | . | ‡a(048.8) ‡2MRF | |
| 100 | 1 | . | ‡aKajpr, Adolf, ‡d1902-1959 ‡7jk01052576 ‡4aut |
| 245 | 1 | 0. | ‡aMinisterium verbi : ‡bkázání o mši svaté, o posledních věcech člověka a o rozličných aspektech víry / ‡cAdolf Kajpr ; k vydání připravil Vojtěch Novotný |
| 250 | . | ‡aVydání první | |
| 264 | 1. | ‡aPraha : ‡bUniverzita Karlova, nakladatelství Karolinum, ‡c2017 | |
| 300 | . | ‡a526 stran ; ‡c21 cm | |
| 336 | . | ‡atext ‡btxt ‡2rdacontent | |
| 337 | . | ‡abez média ‡bn ‡2rdamedia | |
| 338 | . | ‡asvazek ‡bnc ‡2rdacarrier | |
| 504 | . | ‡aObsahuje bibliografické odkazy a rejstříky | |
| 546 | . | ‡aAnglické resumé | |
| 600 | 1 | 7. | ‡aKajpr, Adolf, ‡d1902-1959 ‡7jk01052576 ‡2czenas |
| 648 | 7. | ‡a20. století ‡7ch460558 ‡2czenas | |
| 648 | 7. | ‡a1945-1950 ‡7ch969091 ‡2czenas | |
| 648 | 4. | ‡a1938-1941 | |
| 650 | 0 | 7. | ‡ajezuité ‡7ph121349 ‡zČesko ‡y20. století ‡2czenas |
| 650 | 0 | 7. | ‡akazatelé ‡7ph121551 ‡zČesko ‡y20. století ‡2czenas |
| 650 | 0 | 7. | ‡apastorace ‡7ph123988 ‡zČesko ‡y20. století ‡2czenas |
| 650 | 0 | 7. | ‡akřesťanství a společnost ‡7ph138510 ‡zČesko ‡y20. století ‡2czenas |
| 650 | 0 | 7. | ‡amše ‡7ph115393 ‡2czenas |
| 650 | 0 | 7. | ‡aeschatologie ‡7ph114483 ‡2czenas |
| 650 | 0 | 7. | ‡aživot Ježíše Krista ‡7ph138453 ‡2czenas |
| 650 | 0 | 7. | ‡aučení Ježíše Krista ‡7ph838923 ‡2czenas |
| 650 | 0 | 7. | ‡akatolická víra ‡7ph121532 ‡2czenas |
| 650 | 0 | 7. | ‡akatolické modlitby ‡7ph114896 ‡2czenas |
| 650 | 0 | 9. | ‡aJesuits ‡zCzechia ‡y20th century ‡2eczenas |
| 650 | 0 | 9. | ‡apreachers ‡zCzechia ‡y20th century ‡2eczenas |
| 650 | 0 | 9. | ‡apastoral care ‡zCzechia ‡y20th century ‡2eczenas |
| 650 | 0 | 9. | ‡aChristianity and civilization ‡zCzechia ‡y20th century ‡2eczenas |
| 650 | 0 | 9. | ‡aHoly Mass ‡2eczenas |
| 650 | 0 | 9. | ‡aeschatology ‡2eczenas |
| 650 | 0 | 9. | ‡alife of Christ ‡2eczenas |
| 650 | 0 | 9. | ‡ateaching of Jesus Christ ‡2eczenas |
| 650 | 0 | 9. | ‡aCatholic faith ‡2eczenas |
| 650 | 0 | 9. | ‡aCatholic prayers ‡2eczenas |
| 655 | 7. | ‡akázání ‡7fd131846 ‡2czenas | |
| 655 | 7. | ‡akomentovaná vydání ‡7fd132577 ‡2czenas | |
| 655 | 7. | ‡astudie ‡7fd133597 ‡2czenas | |
| 655 | 9. | ‡asermons ‡2eczenas | |
| 655 | 9. | ‡aannotated editions ‡2eczenas | |
| 655 | 9. | ‡astudies ‡2eczenas | |
| 700 | 1 | . | ‡aNovotný, Vojtěch, ‡d1971- ‡7kpwa1409 ‡4edt |
| 910 | . | ‡aABG312 | |
| 950 | . | ‡aska | |
| 901 | . | ‡a30698 ‡b ‡c30698 ‡tbiblio | |